Náuka o tovare Vybraný potravinársky tovar

Saved in:
Bibliographic Details
Main Author: Schniererová, Lýdia
Corporate Author: Vysoká škola ekonomická v Bratislave. Fakulta ekonomiky služieb a cestovného ruchu v Banskej Bystrici
Format: Book
Language:Slovak
Published: Bratislava VŠE 1989
Edition:1. vyd.
Tags: Add Tag
No Tags, Be the first to tag this record!

MARC

LEADER 00000nam a2200000 4500
001 c037497
005 20221215070946.9
041 0 |a slo 
044 |a SK 
245 1 0 |a Náuka o tovare  |b Vybraný potravinársky tovar  |c Lýdia Schniererová 
250 |a 1. vyd. 
264 1 |a Bratislava  |b VŠE  |c 1989 
300 |a 160 s. 
100 1 |a Schniererová, Lýdia 
710 2 |a Vysoká škola ekonomická v Bratislave. Fakulta ekonomiky služieb a cestovného ruchu v Banskej Bystrici